000 00527nam a2200205Ia 4500
003 IIN
005 20250502130056.0
008 231217s9999 xx 000 0 und d
020 _cRs.695.00
_a9789389776942
040 _aIIN
_bEnglish
082 _a610.7307
_bSUD
100 1 _aSudha, R.
245 1 _aNursing Education:
_bPrinciples and Concepts/
_cR. Sudha
250 _a2nd ed.
260 _aNew Delhi
_bJaypee
_c2021
300 _axvi, 431 p.
500 _aIncludes Index
650 1 _aEducation
_vNursing
942 _cBOOK
999 _c595
_d595